Walibi Belgium Attractions / Attracties - Statistiques

Statistiques générales
  • Ce quiz a été pris 55 fois
    28 depuis la dernière actualisation
  • Le résultat moyen est 21 sur 41
Statistiques - réponses
Hint Réponse % Correct
Thrill Weerwolf / Loup-Garou
96%
Thrill Cobra
92%
Thrill Kondaa
92%
Thrill Pulsar
92%
Thrill Turbine
92%
Thrill Vampire
92%
Family Mecalodon
88%
Thrill Dalton Terror
83%
Family Flash Back
79%
Family Tiki-Waka
79%
Family Radja River
75%
Kids Fun Pilot
71%
Kids Kondaala
71%
Family Popcorn Revenge
71%
Family Calamity Mine
67%
Family Het Paleis van de Geest / Le Palais du Génie
58%
Thrill Buzzsaw
54%
Family Octopus
46%
Family Silverton
46%
Family Tous En Boîte
46%
Family 4D Film
38%
Family Challenge Of Tutankhamon
38%
Family De Grote Carrousel / Le Grand Carrousel
38%
Family Het Vliegend Tapijt / Le Tapis Volant
38%
Family Melody Road
38%
Family Tiki-Trail
38%
Kids Poneys
33%
Thrill Spinning Vibe
33%
Kids 4x4 Adventure
25%
Kids Bubble Swirl
25%
Kids Fun Recorder
25%
Kids Mini Tour
25%
Kids Stormy
25%
Kids Tchou-Tchou Express
25%
Kids Tree House
25%
Family Wave Swinger
25%
Kids Graffiti Shuttle
21%
Kids Guitar Riff
21%
Kids Kids Airlines
21%
Kids Little Swing
21%
Kids Spinning Taxi
21%
Aucun quiz correspondant
Distribution des résultats
% des personnes avec chaque résultat
Percentile par nombre de réponses
Votre historique - résultats
Vous n’avez pas pris ce quiz depuis la dernière actualisation